| 000 | 00789nam a2200205 a 4500 | ||
|---|---|---|---|
| 005 | 20210223130105.0 | ||
| 008 | 061127s2000 mx r 000 0 spa d | ||
| 020 | _a9701328531 | ||
| 035 | _aUPN01000148161 | ||
| 049 | _aC | ||
| 050 | 4 |
_aHA765 _bE3.7 1998 |
|
| 110 | 2 | _aInstituto Nacional de Estadística, Geografía e Informática (México) | |
| 245 | 1 | 0 |
_aSistema de cuentas económicas y ecológicas de México : _b1993-1998 / _cInstituto Nacional de Estadística, Geografía e Informática. |
| 260 |
_aAguascalientes : _bINEGI, _cc2000. |
||
| 300 |
_axiii, 136 p. : _bcuadros |
||
| 650 | 4 |
_aECOLOGIA - _xASPECTOS ECONOMICOS - _zMEXICO _912543 |
|
| 650 | 4 |
_aRECURSOS NATURALES - _zMEXICO - _vESTADISTICA |
|
| 650 | 4 |
_aFINANZAS PUBLICAS - _zMEXICO - _vESTADISTICA _917757 |
|
| 905 | _aLibro | ||
| 999 |
_c120303 _d120303 |
||